Jewish Soldiers in the Allied Armies
| Titel: | Jewish Soldiers in the Allied Armies / Shmuel Spector |
|---|---|
| Verfasser: | |
| In: |
The Shoah and the war, (1992), Seite 211-216 alle Artikel anzeigen |
| Veröffentlicht: | 1992 |
| Format: | Aufsatz |
| Sprache: | Englisch |
X
alg: 43492539
001A $03025:14-08-18
001B $01999:14-08-18 $t22:48:12.000
001C $03025:14-08-18 $t10:33:13.000
001D $03025:14-08-18
001U $0utf8
001X $00
002@ $0Aou
002C $aText $btxt $2rdacontent
002D $aohne Hilfsmittel zu benutzen $bn $2rdamedia
002E $aBand $bnc $2rdacarrier
003@ $043492539X
007A $043492539X $aHEB
010@ $aeng
010E $erda
011@ $a1992
021A $aJewish Soldiers in the Allied Armies $hShmuel Spector
028A $BVerfasser $#Spector, Šemû'ēl $#Spector, Shmuel $#Speḳṭor, Shemuel $#Spektor, Sh. $4aut $7 $8Speḳṭor, Shemuʿel [Tnd] $9138672385
031A $h211-216 $j1992
039B $aEnthalten in $8--Aauc--. The @Shoah and the war. - New York {[u.a.] : Lang, 1992. - 450 S.. - ISBN 0-8204-1663-0 $x199200000000000789 $9020285736
044K $RWeltgeschichte $RWeltkrieg $#World War, 1939-1945 $#Guerre mondiale (1939-1945) $#Zweiter Weltkrieg $#2. Weltkrieg $74079167-1 $8Weltkrieg$g1939-1945 [Tsz] $9085224618
044K $#Alliierte $74001297-9 $8Alliierte [Ts1] $908499424X
044K $RJudentum $RIsraeliten $RStämme Israels $#Jude $74028808-0 $8Juden [Ts1] $9085075922
044K $RMilitär $RKrieger $RSoldatin $#Soldiers $#Soldats $#Soldati $#Soldaten $#Soldat $#Legionär $#Soldaten $74055409-0 $8Soldat [Ts1] $9085154180
045F $a909.0492409409044 $eDDC23BSB
045F/01 $a909.04924
045F/03 $f09044
045F/03 $g4
045R $aGeschichte 1939-1945
lok: 43492539 78
exp: 43492539 78 1 #EPN
201B/01 $014-08-18 $t10:32:33.000
201C/01 $014-08-18
201U/01 $0utf8
203@/01 $01026255740
208@/01 $a14-08-18 $be
209A/01 $a/ $f000 $x00
209A/01 $ab*p $x01
220C/01 $apgar
244Z/01 $#Generalgouvernement Polen $#Polska $#Rzeczpospolita Polska $#Polska Rzeczpospolita Ludowa $#Poland $#Pologne $#République Polonaise $#Generalne Gubernatorstwo w Polsce $#Polish People's Republic $#Polska Rzeczpospolita Polen $#PRL $#RP $#Polen Generalgouvernement $#Polska Generalgouvernement $#Besetzte Polnische Gebiete $#Besetztes Gebiet in Polen $#Okupowane Polskie Obszary $#Obszary Okupowane w Polsce $#Volksrepublik Polen $#Polska Rosyjska $#Republic Polen $#Respublika Pol'ša $#Pol'skaja Narodnaja Respublika $#République de Pologne $#Polen Links der Weichsel $#Polska po Lewej Stronie Wisły $#Lenkija $#Polija $#Gubernija Carstva Pol'skago $#Republik Polen $74046496-9 $8--Tg1--Polen $x01 $9085129801
244Z/01 $#Ostmitteleuropa $#Ostmitteleuropa $#Mitteleuropa, Ost $#Central Europe Ostmitteleuropa $#Mittelosteuropa $74075753-5 $8--Tg1--Ostmitteleuropa $x02 $9085214485
247C/01 $82080>Marburg/Lahn, Herder-Institut, Forschungsbibliothek, Bibliographieportal $9336309341
| LEADER | 00000caa a2200000 c 4500 | ||
|---|---|---|---|
| 001 | 43492539X | ||
| 003 | DE-603 | ||
| 005 | 20180814224812.0 | ||
| 007 | tu | ||
| 008 | 180814s1992 xx |||| | u00||u|eng c | ||
| 035 | |a (DE-599)HEB43492539X | ||
| 040 | |a DE-603 |b ger |c DE-603 |d DE-603 |e rda | ||
| 041 | |a eng | ||
| 082 | 0 | 4 | |8 1\u |a 909.0492409409044 |q DE-101 |2 23/BSB |
| 085 | |8 1\u |b 909.04924 | ||
| 085 | |8 1\u |z 1 |s 09044 | ||
| 085 | |8 1\u |z 2 |s 4 | ||
| 100 | 1 | |a Speḳṭor, Shemuʿel |e Verfasser |4 aut |0 (DE-603)138672385 | |
| 245 | 0 | 0 | |a Jewish Soldiers in the Allied Armies |c Shmuel Spector |
| 264 | 0 | |c 1992 | |
| 336 | |a Text |b txt |2 rdacontent | ||
| 337 | |a ohne Hilfsmittel zu benutzen |b n |2 rdamedia | ||
| 338 | |a Band |b nc |2 rdacarrier | ||
| 648 | 7 | |a Geschichte 1939-1945 |2 gnd | |
| 650 | 7 | |a Weltkrieg |g 1939-1945 |0 (DE-588)4079167-1 |0 (DE-603)085224618 |2 gnd | |
| 650 | 7 | |a Alliierte |0 (DE-588)4001297-9 |0 (DE-603)08499424X |2 gnd | |
| 650 | 7 | |a Juden |0 (DE-588)4028808-0 |0 (DE-603)085075922 |2 gnd | |
| 650 | 7 | |a Soldat |0 (DE-588)4055409-0 |0 (DE-603)085154180 |2 gnd | |
| 773 | 0 | 8 | |i Enthalten in |t The Shoah and the war |d New York [u.a.] : Lang, 1992 |h 450 S. |z 0820416630 |g (1992), Seite 211-216 |w (DE-603)020285736 |
| 924 | 0 | |9 2080 |a (DE-603)1026255740 |b DE-2080 |c HES |d d |g / | |


